000 00279nam a2200121 a 4500
008 101026s1979|||| d
100 1 _aMason, Richard
245 1 0 _aVietor nevie čítať
260 _bSmena
_aBratislava
_c1979
020 _c28
041 _aslo
044 _axo
_cSK
999 _c12285
_d12285